Traduction de l'anglais au français - niveau C1 - Statistiques

Statistiques générales
  • Ce quiz a été pris 96 fois
  • Le résultat moyen est 9 sur 25
Statistiques - réponses
Hint Réponse % Correct
a helmet un casque
92%
a blade une lame
72%
a broom un balai
71%
a beverage une boisson
67%
a component un composant
61%
a device un appareil, un dispositif
55%
bitter amer
53%
a frame un cadre
46%
a cushion un coussin décoratif
42%
a container un récipient, un conteneur
42%
a lid un couvercle
39%
a doormat un paillasson
38%
dairy (products) produits laitiers
32%
an anvil une enclume
30%
a curtain rod une tringle à rideaux
30%
a lampshade un abat-jour
21%
scarce rare
18%
a (food) dressing une sauce, une vinaigrette
16%
reluctant réticent(e)
13%
a rag un chiffon, une serpillère
11%
overwhelming étouffant, accablant, écrasant
9%
a ladle une louche, une cuillère
8%
tangy acidulé
7%
diligent assidu(e), appliqué(e)
5%
a latch un loquet, un verrou
4%
Aucun quiz correspondant
Distribution des résultats
% des personnes avec chaque résultat
Percentile par nombre de réponses
Votre historique - résultats
Vous n’avez pas pris ce quiz